[Event "27. ekipno prvenstvo RH - I.B"]
[Site "Biograd, Hotel Adria"]
[Date "2018.09.19"]
[Round "5.46"]
[White "Matanovic, Luka"]
[Black "Zelic, Mladen"]
[Result "1/2-1/2"]
[WhiteElo "2251"]
[BlackElo "2266"]
[PlyCount "120"]
[EventDate "2018.09.15"]
[WhiteTeam "ŠK ĐURO ĐAKOVIĆ Slavonski Brod"]
[BlackTeam "ŠK GORAN Bibinje"]

1. e4 e5 2. Nf3 Nc6 3. Bb5 f5 4. d3 fxe4 5. dxe4 Nf6 6. O-O d6 7. Qd3 Be7 8.
Qc4 Bd7 9. Ng5 Rf8 10. Ne6 Bxe6 11. Qxe6 Qd7 12. Qxd7+ Kxd7 13. f3 a6 14. Bc4
Nd4 15. Bd3 Nh5 16. c3 Ne6 17. g3 Bg5 18. Na3 Rf6 19. f4 Bh6 20. Be2 g6 21. f5
Ng5 22. Kg2 Rg8 23. Bc4 Rg7 24. h4 gxf5 25. hxg5 Bxg5 26. Rxf5 Bxc1 27. Rxc1
Nxg3 28. Rxf6 Nxe4+ 29. Kf3 Nxf6 30. Bf1 d5 31. Nc2 Nh5 32. Bh3+ Kd6 33. Bc8
e4+ 34. Ke3 c5 35. Rh1 Nf6 36. Kf4 Rg2 37. Ne3 Rf2+ 38. Kg5 Ke5 39. Rh6 d4 40.
cxd4+ cxd4 41. Nc4+ Kd5 42. b3 b5 43. Rxf6 Rxf6 44. Kxf6 bxc4 45. Be6+ Kc5 46.
Bxc4 a5 47. Ke5 e3 48. Bf1 h5 49. Ke4 h4 50. Kd3 Kd5 51. a3 Kc5 52. Bg2 Kb5 53.
Bh3 Kc5 54. Bf1 Kd5 55. b4 axb4 56. axb4 Ke5 57. Bg2 Kd6 58. Bf1 Kd5 59. Bh3
Kc6 60. Bf1 Kb5 1/2-1/2

[Event "27. ekipno prvenstvo RH - I.B"]
[Site "Biograd, Hotel Adria"]
[Date "2018.09.19"]
[Round "5.52"]
[White "Srbis, Jurica"]
[Black "Antunac, Goran"]
[Result "0-1"]
[WhiteElo "2428"]
[BlackElo "2359"]
[PlyCount "82"]
[EventDate "2018.09.15"]
[WhiteTeam "ŠŠK PODRAVKA Koprivnica"]
[BlackTeam "AŠK JUNIOR Rijeka"]

1. d4 g6 2. e4 Bg7 3. Nc3 d6 4. Be3 c6 5. Qd2 b5 6. Bd3 Nd7 7. Nf3 Nb6 8. h3 a5
9. O-O b4 10. Ne2 Ba6 11. Bxa6 Rxa6 12. Qd3 Ra8 13. a3 Nf6 14. axb4 axb4 15. d5
c5 16. Qb5+ Nfd7 17. e5 O-O 18. e6 fxe6 19. Nf4 Rxa1 20. Rxa1 Nxd5 21. Nxe6 Nc7
22. Nxc7 Qxc7 23. Ng5 Ne5 24. Ne6 Qb8 25. Qa6 Rc8 26. f4 Nf7 27. Qc4 Qb7 28.
Rd1 Bf6 29. h4 Kh8 30. Nxc5 dxc5 31. Qxf7 Qe4 32. Bf2 Qxc2 33. Re1 Qxb2 34.
Bxc5 Qc3 35. Bf2 b3 36. Rxe7 Bxe7 37. Qxe7 b2 38. Qb7 Rd8 39. Kh2 Rd1 40. Qe4
Qf6 41. Qa8+ Qd8 0-1

[Event "27. ekipno prvenstvo RH - I.B"]
[Site "Biograd, Hotel Adria"]
[Date "2018.09.19"]
[Round "5.54"]
[White "Ivekovic, Zvonimir"]
[Black "Doric, Nenad"]
[Result "0-1"]
[WhiteElo "2424"]
[BlackElo "2249"]
[PlyCount "80"]
[EventDate "2018.09.15"]
[WhiteTeam "ŠŠK PODRAVKA Koprivnica"]
[BlackTeam "AŠK JUNIOR Rijeka"]

1. e4 e5 2. Nf3 Nc6 3. d4 exd4 4. Nxd4 Nf6 5. Nxc6 bxc6 6. e5 Ne4 7. Qe2 Nc5 8.
b3 a5 9. Bb2 a4 10. Nd2 axb3 11. axb3 Rxa1+ 12. Bxa1 Ba6 13. c4 Ne6 14. Bc3 Qb8
15. Qf3 Bb4 16. Be2 O-O 17. O-O c5 18. Ne4 Bxc3 19. Qxc3 Bb7 20. Bd3 d6 21. Re1
Re8 22. Ng3 Nd4 23. b4 Rxe5 24. bxc5 Rxe1+ 25. Qxe1 dxc5 26. Qb1 Qa8 27. f3 h6
28. Be4 Bxe4 29. Nxe4 Qa5 30. h3 Qb4 31. Qd3 Qe1+ 32. Kh2 f5 33. Nc3 c6 34. f4
Qf2 35. Qg3 Qf1 36. h4 Qxc4 37. h5 Ne6 38. Qg6 Qxf4+ 39. g3 Qd2+ 40. Kh1 Nf8
0-1

[Event "27. ekipno prvenstvo RH - I.B"]
[Site "Biograd, Hotel Adria"]
[Date "2018.09.19"]
[Round "5.55"]
[White "Tomulic, Teo"]
[Black "Mathe, Gaspar"]
[Result "1-0"]
[WhiteElo "2264"]
[BlackElo "2308"]
[PlyCount "143"]
[EventDate "2018.09.15"]
[WhiteTeam "AŠK JUNIOR Rijeka"]
[BlackTeam "ŠŠK PODRAVKA Koprivnica"]

1. e4 e5 2. Nf3 Nc6 3. Bb5 a6 4. Ba4 Nf6 5. O-O Be7 6. Re1 b5 7. Bb3 O-O 8. a4
Bb7 9. c3 d6 10. d4 Nd7 11. Nbd2 Bf6 12. Nf1 Ne7 13. Ng3 g6 14. Bh6 Bg7 15. Qd2
c5 16. Rad1 exd4 17. cxd4 c4 18. Bc2 Re8 19. Qf4 Nf8 20. Bxg7 Kxg7 21. Qg5 Ng8
22. Nf5+ Kh8 23. Qxd8 Raxd8 24. Ng5 gxf5 25. Nxf7+ Kg7 26. Nxd8 Rxd8 27. exf5
Kf6 28. axb5 axb5 29. Ra1 Nh6 30. Ra5 Bc6 31. Ra6 Bb7 32. Rb6 Bc8 33. Rxb5 Nxf5
34. Bxf5 Bxf5 35. Re3 Ne6 36. d5 Nd4 37. Rb6 h5 38. h3 h4 39. Kh2 Nc2 40. Rc3
Bd3 41. b3 Ke5 42. bxc4 Kd4 43. Rcb3 Kxc4 44. Rb2 Kxd5 45. g4 Rf8 46. Kg2 Be4+
47. Kf1 Ne3+ 48. Ke2 Nc4 49. Rb8 Nxb2 50. Rxf8 Kd4 51. g5 Bd3+ 52. Ke1 Be4 53.
Rf6 Nd3+ 54. Kd2 Ne5 55. Rxd6+ Kc5 56. Rh6 Kd4 57. Rd6+ Kc5 58. Ra6 Kd4 59.
Ra4+ Kd5 60. Ke3 Bf5 61. Rxh4 Ng6 62. Rh6 Ke5 63. h4 Bb1 64. h5 Nf4 65. g6 Nd5+
66. Kf3 Be4+ 67. Kg4 Kf6 68. Rh7 Bf5+ 69. Kh4 Be6 70. Ra7 Ne7 71. Rxe7 Kxe7 72.
Kg5 1-0

[Event "27. ekipno prvenstvo RH - I.B"]
[Site "Biograd, Hotel Adria"]
[Date "2018.09.20"]
[Round "6.11"]
[White "Sedlak, Nikola"]
[Black "Srbis, Jurica"]
[Result "1-0"]
[WhiteElo "2587"]
[BlackElo "2428"]
[PlyCount "91"]
[EventDate "2018.09.15"]
[WhiteTeam "ŠK STRIDON Štrigova"]
[BlackTeam "ŠŠK PODRAVKA Koprivnica"]

1. d4 Nf6 2. Nf3 g6 3. Bg5 Bg7 4. Nbd2 d5 5. e3 O-O 6. Be2 Nbd7 7. O-O c5 8. c3
h6 9. Bh4 Qb6 10. Qb3 Qa5 11. a4 c4 12. Qa3 Re8 13. b3 Qxc3 14. Rfc1 Qa5 15.
bxc4 e5 16. cxd5 e4 17. Nc4 Qxd5 18. Nfe5 Bf8 19. Qb2 Qe6 20. a5 Nd5 21. Nxd7
Bxd7 22. Ne5 Bd6 23. Nxd7 Qxd7 24. Bb5 Qg4 25. Bxe8 Bxh2+ 26. Kxh2 Qxh4+ 27.
Kg1 Rxe8 28. Qxb7 Nf6 29. Rc8 Ng4 30. Rxe8+ Kg7 31. Rg8+ Kxg8 32. Qb8+ Kg7 33.
Qg3 Qg5 34. d5 h5 35. Rd1 h4 36. Qf4 Qh5 37. Qxe4 h3 38. gxh3 Ne5 39. Kg2 Qxd1
40. Qxe5+ f6 41. Qe7+ Kh6 42. e4 Qd2 43. Qxf6 Qxa5 44. d6 Qb4 45. Qh4+ Kg7 46.
d7 1-0

[Event "27. ekipno prvenstvo RH - I.B"]
[Site "Biograd, Hotel Adria"]
[Date "2018.09.20"]
[Round "6.12"]
[White "Ostovic, Matija"]
[Black "Nemeth, Miklos"]
[Result "1-0"]
[WhiteElo "2390"]
[BlackElo "2477"]
[PlyCount "61"]
[EventDate "2018.09.15"]
[WhiteTeam "ŠŠK PODRAVKA Koprivnica"]
[BlackTeam "ŠK STRIDON Štrigova"]

1. d4 Nf6 2. c4 e6 3. Nf3 b6 4. e3 Bb4+ 5. Nbd2 Bb7 6. Bd3 O-O 7. O-O c5 8. a3
Bxd2 9. Bxd2 cxd4 10. exd4 d5 11. c5 Nbd7 12. Rc1 bxc5 13. dxc5 Rc8 14. b4 e5
15. Bf5 Rc7 16. Bg5 Re8 17. Re1 h6 18. Bh4 d4 19. Bg3 g6 20. Bxd7 Rxd7 21. c6
Bxc6 22. Rxc6 e4 23. Ne5 Rd5 24. Nc4 e3 25. fxe3 Ne4 26. exd4 Rxd4 27. Qe2 Kh7
28. Be5 Ng5 29. Qf1 Rg4 30. Nd6 Re6 31. Ra1 1-0

[Event "27. ekipno prvenstvo RH - I.B"]
[Site "Biograd, Hotel Adria"]
[Date "2018.09.20"]
[Round "6.13"]
[White "Krstic, Uros"]
[Black "Ivekovic, Zvonimir"]
[Result "1/2-1/2"]
[WhiteElo "2364"]
[BlackElo "2424"]
[PlyCount "99"]
[EventDate "2018.09.15"]
[WhiteTeam "ŠK STRIDON Štrigova"]
[BlackTeam "ŠŠK PODRAVKA Koprivnica"]

1. d4 Nf6 2. Nf3 e6 3. Bf4 Be7 4. e3 Nh5 5. Bg3 Nxg3 6. hxg3 c5 7. Nbd2 Nc6 8.
dxc5 Qa5 9. c3 Qxc5 10. Qc2 h6 11. g4 d5 12. e4 Qb6 13. Bd3 Bd7 14. exd5 exd5
15. g5 O-O-O 16. gxh6 gxh6 17. Nb3 Kb8 18. Bf5 Bf6 19. Bxd7 Rxd7 20. Qf5 Re7+
21. Kf1 Ne5 22. Nxe5 Rxe5 23. Qd3 Rg5 24. Re1 Rhg8 25. g3 h5 26. Re3 d4 27.
cxd4 Rd5 28. Qe2 h4 29. Rh3 Qc6 30. Qf3 Qd7 31. Kg2 Bxd4 32. Rd3 hxg3 33. Rxg3
Rd8 34. Nxd4 Rxd4 35. Rxd4 Qxd4 36. Qxf7 a6 37. b3 Qb6 38. Rg8 Qc6+ 39. f3 Qc2+
40. Kg3 Rxg8+ 41. Qxg8+ Ka7 42. a4 Qc5 43. Qc4 Qg5+ 44. Kf2 a5 45. Qb5 Qxb5 46.
axb5 Kb6 47. Ke3 Kxb5 48. Kd3 Kc5 49. Kc3 b5 50. b4+ 1/2-1/2

[Event "27. ekipno prvenstvo RH - I.B"]
[Site "Biograd, Hotel Adria"]
[Date "2018.09.20"]
[Round "6.14"]
[White "Mathe, Gaspar"]
[Black "Vernacki, Srdjan"]
[Result "1-0"]
[WhiteElo "2308"]
[BlackElo "2357"]
[PlyCount "113"]
[EventDate "2018.09.15"]
[WhiteTeam "ŠŠK PODRAVKA Koprivnica"]
[BlackTeam "ŠK STRIDON Štrigova"]

1. e4 c5 2. Nf3 e6 3. d4 cxd4 4. Nxd4 a6 5. Bd3 Nf6 6. O-O d6 7. c4 Be7 8. Nc3
O-O 9. b3 Qc7 10. Bb2 b6 11. Qe2 Bb7 12. Rac1 Nbd7 13. f4 Rfe8 14. Kh1 Rac8 15.
Rce1 Nf8 16. f5 e5 17. Nc2 Qb8 18. Ne3 N8d7 19. Bc2 Qa8 20. Ned5 Nxd5 21. Nxd5
Bxd5 22. cxd5 b5 23. Bd3 Bg5 24. a4 bxa4 25. bxa4 Nc5 26. Ba3 a5 27. Bb5 Red8
28. Bc6 Qa7 29. Qc4 Rb8 30. Rb1 Be3 31. Bb5 Rdc8 32. Rbe1 Bd2 33. Re2 Bg5 34.
Qa2 h5 35. Ree1 h4 36. Qe2 Qe7 37. Rf3 Bf4 38. Rc3 Qg5 39. Bxc5 dxc5 40. Rd1 g6
41. fxg6 fxg6 42. d6 Kg7 43. d7 Rf8 44. Rf3 Bg3 45. Rdf1 Bf4 46. Rd1 Bg3 47.
Rxf8 Rxf8 48. Qd2 Qd8 49. Qd6 Bf2 50. Qxe5+ Kh7 51. Qe6 Bd4 52. Qe8 Qf6 53. e5
Qf4 54. Qe7+ Kh6 55. d8=Q Rxd8 56. Qxd8 Bxe5 57. Qd2 1-0

[Event "27. ekipno prvenstvo RH - I.B"]
[Site "Biograd, Hotel Adria"]
[Date "2018.09.20"]
[Round "6.15"]
[White "Trbojevic, Mladen"]
[Black "Vrban, Mladen"]
[Result "0-1"]
[WhiteElo "2353"]
[BlackElo "2280"]
[PlyCount "74"]
[EventDate "2018.09.15"]
[WhiteTeam "ŠK STRIDON Štrigova"]
[BlackTeam "ŠŠK PODRAVKA Koprivnica"]

1. d4 g6 2. Bf4 Bg7 3. e3 d6 4. Nf3 Nd7 5. h3 e5 6. Bh2 Nh6 7. Be2 O-O 8. c4
Nf5 9. g4 Nh4 10. Nxh4 Qxh4 11. Bg3 Qf6 12. d5 e4 13. Nc3 Qe7 14. Qc2 Re8 15.
Rd1 a5 16. O-O Nc5 17. f4 exf3 18. Rxf3 f5 19. Rdf1 fxg4 20. Rf7 Qxe3+ 21. Bf2
Qxh3 22. Rxg7+ Kxg7 23. Nb5 Bf5 24. Bd4+ Kg8 25. Rxf5 gxf5 26. Qxf5 Qg3+ 27.
Kh1 Qe1+ 28. Bf1 Qe4+ 29. Qxe4 Rxe4 30. Bg2 Rxd4 31. Nxd4 Rf8 32. Kg1 Rf4 33.
Nb5 Rxc4 34. Nxc7 Rc1+ 35. Kh2 Rc2 36. Ne8 Ne4 37. Kg1 Rc8 0-1

[Event "27. ekipno prvenstvo RH - I.B"]
[Site "Biograd, Hotel Adria"]
[Date "2018.09.20"]
[Round "6.22"]
[White "Antunac, Goran"]
[Black "Horvath, Adam"]
[Result "0-1"]
[WhiteElo "2359"]
[BlackElo "2481"]
[PlyCount "68"]
[EventDate "2018.09.15"]
[WhiteTeam "AŠK JUNIOR Rijeka"]
[BlackTeam "ŠK ĐURO ĐAKOVIĆ Slavonski Brod"]

1. d4 Nf6 2. Nf3 e6 3. c4 d5 4. g3 dxc4 5. Bg2 Bd7 6. Ne5 Bc6 7. Nxc6 Nxc6 8.
e3 Qd7 9. O-O Rd8 10. Qa4 Nb4 11. Qxd7+ Rxd7 12. Na3 c5 13. dxc5 Bxc5 14. Nxc4
Nd3 15. b3 O-O 16. Ba3 Bxa3 17. Nxa3 Rfd8 18. Nc4 e5 19. Rad1 e4 20. Rd2 b5 21.
Na5 Ne5 22. Rxd7 Rxd7 23. Rc1 g6 24. h3 Rd2 25. Rc5 Nf3+ 26. Bxf3 exf3 27. Rc1
Ne4 28. Rf1 Rxa2 29. Nc6 Nd2 30. Rd1 Nxb3 31. Rd8+ Kg7 32. g4 Nd2 33. h4 Ne4
34. g5 Rxf2 0-1

[Event "27. ekipno prvenstvo RH - I.B"]
[Site "Biograd, Hotel Adria"]
[Date "2018.09.20"]
[Round "6.23"]
[White "Dabo-Peranic, Robert"]
[Black "Mufic, Goran"]
[Result "1-0"]
[WhiteElo "2284"]
[BlackElo "2254"]
[PlyCount "61"]
[EventDate "2018.09.15"]
[WhiteTeam "ŠK ĐURO ĐAKOVIĆ Slavonski Brod"]
[BlackTeam "AŠK JUNIOR Rijeka"]

1. d4 d5 2. c4 e6 3. Nf3 c6 4. Nc3 Nf6 5. g3 Nbd7 6. Bg2 b6 7. O-O Bb7 8. Nd2
Be7 9. e4 dxe4 10. Ndxe4 Nxe4 11. Nxe4 Nf6 12. Be3 O-O 13. Qc2 Rc8 14. Rfd1 Rc7
15. a4 Qc8 16. Bf4 Rd7 17. c5 Nxe4 18. Bxe4 g6 19. Rd2 Rfd8 20. Rad1 bxc5 21.
dxc5 Rxd2 22. Rxd2 Rxd2 23. Bxd2 Qd7 24. b4 Ba6 25. Be3 Kf8 26. Kg2 f5 27. Bf3
Bf6 28. b5 Bb7 29. a5 e5 30. a6 e4 31. Be2 1-0

[Event "27. ekipno prvenstvo RH - I.B"]
[Site "Biograd, Hotel Adria"]
[Date "2018.09.20"]
[Round "6.25"]
[White "Rubil, Marko"]
[Black "Tomulic, Teo"]
[Result "0-1"]
[WhiteElo "2213"]
[BlackElo "2264"]
[PlyCount "110"]
[EventDate "2018.09.15"]
[WhiteTeam "ŠK ĐURO ĐAKOVIĆ Slavonski Brod"]
[BlackTeam "AŠK JUNIOR Rijeka"]

1. e4 c5 2. Nf3 e6 3. d4 cxd4 4. Nxd4 a6 5. g3 d5 6. Nb3 Nf6 7. exd5 Nxd5 8. c4
Nb4 9. Qxd8+ Kxd8 10. Na3 N8c6 11. Be2 e5 12. O-O Kc7 13. f4 Nd4 14. Bd1 Bh3
15. Re1 Nd3 16. Re4 f5 17. Rxd4 exd4 18. Nc2 Nxc1 19. Nxc1 Rd8 20. Nd3 Be7 21.
Nce1 Bf6 22. Nf3 Rhe8 23. Nfe5 g5 24. Nf7 Rd7 25. Nxg5 Re3 26. Nxh3 Rxd3 27.
Bc2 Rd2 28. Bxf5 Re7 29. Nf2 Ree2 30. Ne4 Rg2+ 31. Kf1 Rxh2 32. Nxd2 Rh1+ 33.
Ke2 d3+ 34. Bxd3 Rxa1 35. Bxh7 Rxa2 36. g4 Rxb2 37. Kd3 a5 38. g5 Bh8 39. f5 a4
40. c5 a3 41. Bg8 a2 42. Bxa2 Rxa2 43. f6 Kd7 44. Nf3 Ke6 45. Ke4 Ra5 46. Nd4+
Kf7 47. Kd5 b6 48. Nb3 Ra3 49. cxb6 Rxb3 50. Kc6 Ke8 51. Kc7 Rc3+ 52. Kb8 Kd7
53. b7 Rb3 54. f7 Bg7 55. g6 Ra3 0-1

[Event "27. ekipno prvenstvo RH - I.B"]
[Site "Biograd, Hotel Adria"]
[Date "2018.09.20"]
[Round "6.26"]
[White "Safar, Sandro"]
[Black "Matanovic, Luka"]
[Result "1/2-1/2"]
[WhiteElo "2214"]
[BlackElo "2251"]
[PlyCount "48"]
[EventDate "2018.09.15"]
[WhiteTeam "AŠK JUNIOR Rijeka"]
[BlackTeam "ŠK ĐURO ĐAKOVIĆ Slavonski Brod"]

1. d4 d5 2. Bf4 Nf6 3. e3 c5 4. c3 Nc6 5. Nd2 cxd4 6. exd4 Bg4 7. Ngf3 e6 8.
Qb3 Qb6 9. Qxb6 axb6 10. Bb5 Nd7 11. O-O f6 12. Rfe1 g5 13. Bg3 Kf7 14. a4 Be7
15. h3 Bf5 16. Nf1 Be4 17. N3d2 Bg6 18. f4 gxf4 19. Bxf4 e5 20. Bxc6 bxc6 21.
dxe5 fxe5 22. Bxe5 Nxe5 23. Rxe5 Bf6 24. Re2 Bc2 1/2-1/2

[Event "27. ekipno prvenstvo RH - I.B"]
[Site "Biograd, Hotel Adria"]
[Date "2018.09.20"]
[Round "6.31"]
[White "Livaic, Leon"]
[Black "Medvegy, Zoltan"]
[Result "1/2-1/2"]
[WhiteElo "2483"]
[BlackElo "2543"]
[PlyCount "104"]
[EventDate "2018.09.15"]
[WhiteTeam "HAŠK MLADOST Zagreb"]
[BlackTeam "ŠK GORAN Bibinje"]

1. d4 Nf6 2. c4 e6 3. Nf3 d5 4. Nc3 Be7 5. Bg5 O-O 6. e3 h6 7. Bh4 b6 8. Be2
dxc4 9. Bxc4 Bb7 10. Qe2 Ne4 11. Bxe7 Qxe7 12. Nxe4 Bxe4 13. O-O Nd7 14. Rfd1
c5 15. Bb5 Bxf3 16. Qxf3 Nf6 17. Bf1 Rac8 18. dxc5 Qxc5 19. Qe2 Rfd8 20. g3 Kf8
21. a3 g6 22. h3 Kg7 23. Bg2 h5 24. Rxd8 Rxd8 25. Rd1 Rc8 26. Qd2 Qc2 27. Kf1
Qb3 28. Rc1 Rxc1+ 29. Qxc1 Nd7 30. Bf3 Nc5 31. Bd1 Qd5 32. Kg1 e5 33. Bc2 h4
34. Qd1 Qxd1+ 35. Bxd1 hxg3 36. fxg3 f5 37. Bc2 Kf6 38. Kf2 e4 39. Ke2 Ke5 40.
b4 Nb7 41. Kd2 Nd6 42. Kc3 Nb5+ 43. Kb3 g5 44. Bd1 Nc7 45. Kc3 Nb5+ 46. Kb3 Nc7
47. Kc3 Nd5+ 48. Kd2 Nf6 49. h4 g4 50. Ke2 Nd5 51. Kd2 Nf6 52. Ke2 Nh5 1/2-1/2

[Event "27. ekipno prvenstvo RH - I.B"]
[Site "Biograd, Hotel Adria"]
[Date "2018.09.20"]
[Round "6.32"]
[White "Rezan, Sasa"]
[Black "Plat, Vojtech"]
[Result "0-1"]
[WhiteElo "2436"]
[BlackElo "2540"]
[PlyCount "44"]
[EventDate "2018.09.15"]
[WhiteTeam "ŠK GORAN Bibinje"]
[BlackTeam "HAŠK MLADOST Zagreb"]

1. d4 d6 2. c4 e5 3. Nc3 exd4 4. Qxd4 Nf6 5. Bg5 Be7 6. Nf3 Nc6 7. Qd2 Bf5 8.
e3 Ne4 9. Nxe4 Bxe4 10. Bxe7 Qxe7 11. Be2 g5 12. O-O g4 13. Nd4 Ne5 14. Rfd1
Rg8 15. Nb5 Rg6 16. Qd4 f5 17. g3 Rh6 18. Rd2 a6 19. Na3 Qg5 20. h4 Rxh4 21.
gxh4 Qxh4 22. f3 gxf3 0-1

[Event "27. ekipno prvenstvo RH - I.B"]
[Site "Biograd, Hotel Adria"]
[Date "2018.09.20"]
[Round "6.34"]
[White "Biliskov, Vjekoslav"]
[Black "Rogulj, Branko"]
[Result "0-1"]
[WhiteElo "2292"]
[BlackElo "2404"]
[PlyCount "98"]
[EventDate "2018.09.15"]
[WhiteTeam "ŠK GORAN Bibinje"]
[BlackTeam "HAŠK MLADOST Zagreb"]

1. d4 Nf6 2. c4 c5 3. d5 e6 4. Nc3 exd5 5. cxd5 d6 6. e4 g6 7. Nf3 Bg7 8. Be2
O-O 9. O-O Bg4 10. Bf4 a6 11. a4 Bxf3 12. Bxf3 Ne8 13. Re1 Nd7 14. Qc2 Rb8 15.
Be2 Qe7 16. Bf1 Nc7 17. Bg3 g5 18. f3 Be5 19. Bxe5 Qxe5 20. g3 Qf6 21. Kg2 Ne5
22. Be2 b5 23. Rf1 Ng6 24. axb5 Nxb5 25. Bxb5 axb5 26. Ra6 c4 27. Nd1 Ra8 28.
Rxa8 Rxa8 29. Ne3 Ra2 30. Rf2 h5 31. Qc3 Qe5 32. Nf5 g4 33. Qb4 gxf3+ 34. Kxf3
Ra1 35. Qxb5 Re1 36. Qxc4 Qxf5+ 37. exf5 Ne5+ 38. Kf4 Nxc4 39. Kg5 Re5 40. Kxh5
Rxd5 41. g4 Rb5 42. h4 Rxb2 43. Rxb2 Nxb2 44. Kg5 Nd3 45. f6 d5 46. Kf5 d4 47.
g5 Ne5 48. Ke4 d3 49. Ke3 d2 0-1

[Event "27. ekipno prvenstvo RH - I.B"]
[Site "Biograd, Hotel Adria"]
[Date "2018.09.20"]
[Round "6.35"]
[White "Vujakovic, Branko"]
[Black "Zelic, Mladen"]
[Result "1/2-1/2"]
[WhiteElo "2340"]
[BlackElo "2266"]
[PlyCount "52"]
[EventDate "2018.09.15"]
[WhiteTeam "HAŠK MLADOST Zagreb"]
[BlackTeam "ŠK GORAN Bibinje"]

1. e4 e5 2. Nf3 Nc6 3. Bb5 f5 4. d4 fxe4 5. Bxc6 dxc6 6. Nxe5 Nf6 7. Nc3 Bd6 8.
Bg5 O-O 9. Qe2 Qe8 10. Bxf6 gxf6 11. Nc4 f5 12. Nxd6 cxd6 13. Qe3 f4 14. Qe2 d5
15. O-O-O Qg6 16. f3 Bf5 17. Rde1 Rae8 18. Rhf1 Kh8 19. fxe4 Bxe4 20. Qd2 Qd6
21. Rf2 Re6 22. Ref1 Ref6 23. Ne2 Bxg2 24. Rxg2 f3 25. Rgf2 fxe2 26. Qxe2 Rxf2
1/2-1/2

[Event "27. ekipno prvenstvo RH - I.B"]
[Site "Biograd, Hotel Adria"]
[Date "2018.09.20"]
[Round "6.36"]
[White "Jusic, Zdenko"]
[Black "Blazeka, Matej"]
[Result "0-1"]
[WhiteElo "2261"]
[BlackElo "2354"]
[PlyCount "62"]
[EventDate "2018.09.15"]
[WhiteTeam "ŠK GORAN Bibinje"]
[BlackTeam "HAŠK MLADOST Zagreb"]

1. e4 c5 2. Nf3 Nc6 3. Bb5 e6 4. O-O Nge7 5. Re1 Nd4 6. a4 a6 7. Bf1 Nec6 8.
Nxd4 cxd4 9. Na3 Bc5 10. Qh5 d6 11. c3 O-O 12. b4 Ba7 13. b5 Ne5 14. Nc2 d3 15.
Nd4 axb5 16. axb5 f5 17. exf5 Bxd4 18. Rxa8 Bxf2+ 19. Kxf2 Rxf5+ 20. Qxf5 exf5
21. h3 Kf7 22. g3 Qb6+ 23. Re3 Bd7 24. Ra4 Bxb5 25. Rd4 Qc5 26. Bg2 Bc6 27. Bf1
Be4 28. Bg2 Bxg2 29. Kxg2 Qc6+ 30. Kf2 Qh1 31. Re1 Qf3+ 0-1

[Event "27. ekipno prvenstvo RH - I.B"]
[Site "Biograd, Hotel Adria"]
[Date "2018.09.20"]
[Round "6.41"]
[White "Sprenger, Jan Michael"]
[Black "Saric, Ante"]
[Result "1/2-1/2"]
[WhiteElo "2490"]
[BlackElo "2535"]
[PlyCount "81"]
[EventDate "2018.09.15"]
[WhiteTeam "ŠK BRDA Split"]
[BlackTeam "ŠK MORNAR Split"]

1. e4 e6 2. d4 d5 3. Nd2 c5 4. Ngf3 cxd4 5. Nxd4 Nf6 6. exd5 Nxd5 7. c3 Bd7 8.
Ne4 Be7 9. Qg4 g6 10. Qg3 Qb6 11. Bc4 Nc6 12. Nb3 O-O 13. O-O Qc7 14. Qxc7 Nxc7
15. Rd1 Rfd8 16. Bf4 e5 17. Bg5 Be6 18. Bxe6 Nxe6 19. Bxe7 Nxe7 20. Nbc5 Nxc5
21. Nxc5 Rxd1+ 22. Rxd1 b6 23. Nd7 Nc6 24. b4 Rc8 25. g3 Kg7 26. b5 Nb8 27.
Nxe5 Rc5 28. Nd7 Nxd7 29. Rxd7 Rxb5 30. Rxa7 Rc5 31. Ra6 Rxc3 32. Rxb6 Ra3 33.
Rb2 g5 34. Kf1 Kg6 35. Ke1 Kf5 36. h3 h5 37. Kf1 h4 38. Kg2 hxg3 39. fxg3 Kg6
40. g4 f6 41. Re2 1/2-1/2

[Event "27. ekipno prvenstvo RH - I.B"]
[Site "Biograd, Hotel Adria"]
[Date "2018.09.20"]
[Round "6.42"]
[White "Galyas, Miklos"]
[Black "Seyb, Alexander"]
[Result "1/2-1/2"]
[WhiteElo "2512"]
[BlackElo "2388"]
[PlyCount "43"]
[EventDate "2018.09.15"]
[WhiteTeam "ŠK MORNAR Split"]
[BlackTeam "ŠK BRDA Split"]

1. Nf3 g6 2. e4 d6 3. d4 Nf6 4. Nc3 Bg7 5. Be2 O-O 6. O-O c6 7. a4 Qc7 8. Bf4
Nbd7 9. e5 dxe5 10. Nxe5 Nxe5 11. Bxe5 Qa5 12. Bc4 Bf5 13. Qe2 Bh6 14. h3 Rad8
15. Rad1 Nd5 16. Nxd5 cxd5 17. Bb3 Bd7 18. Qf3 Bc6 19. Rfe1 Qb4 20. Bf4 Bxf4
21. Qxf4 Rfe8 22. Qd2 1/2-1/2

[Event "27. ekipno prvenstvo RH - I.B"]
[Site "Biograd, Hotel Adria"]
[Date "2018.09.20"]
[Round "6.43"]
[White "Rade, Miroslav"]
[Black "Saric, Ibro"]
[Result "1/2-1/2"]
[WhiteElo "2395"]
[BlackElo "2546"]
[PlyCount "46"]
[EventDate "2018.09.15"]
[WhiteTeam "ŠK BRDA Split"]
[BlackTeam "ŠK MORNAR Split"]

1. e4 d6 2. d4 Nf6 3. Nc3 g6 4. Nf3 Bg7 5. Be2 O-O 6. O-O Nc6 7. d5 Ne5 8. Nxe5
dxe5 9. Bg5 e6 10. Qc1 exd5 11. Nxd5 c6 12. Nxf6+ Bxf6 13. Rd1 Bxg5 14. Rxd8
Bxc1 15. Rxf8+ Kxf8 16. Rxc1 Be6 17. Rd1 a5 18. a3 Ke7 19. f3 f5 20. exf5 gxf5
21. f4 Bd5 22. fxe5 Rg8 23. g3 f4 1/2-1/2

[Event "27. ekipno prvenstvo RH - I.B"]
[Site "Biograd, Hotel Adria"]
[Date "2018.09.20"]
[Round "6.44"]
[White "Plenca, Julijan"]
[Black "Muha, Miljenko"]
[Result "1-0"]
[WhiteElo "2417"]
[BlackElo "2364"]
[PlyCount "131"]
[EventDate "2018.09.15"]
[WhiteTeam "ŠK MORNAR Split"]
[BlackTeam "ŠK BRDA Split"]

1. e4 d6 2. d4 Nf6 3. Nc3 e5 4. Nf3 Nbd7 5. Bc4 Be7 6. a4 O-O 7. h3 c6 8. O-O
a5 9. Re1 Nb6 10. Ba2 Nfd7 11. Be3 exd4 12. Qxd4 Nc5 13. Rad1 Be6 14. Bxe6 fxe6
15. e5 d5 16. Qg4 Qd7 17. b3 Rae8 18. Ne2 Na8 19. Nf4 Rf7 20. Nh5 Kh8 21. h4 b6
22. Ng5 Bxg5 23. hxg5 Rf5 24. g6 hxg6 25. Nf4 Qf7 26. Nxg6+ Kg8 27. Bxc5 bxc5
28. f4 Qa7 29. c4 Nb6 30. Re3 Nc8 31. Rh3 Qb7 32. Nh4 Rff8 33. Nf3 Qf7 34. Ng5
Qg6 35. Rh4 Rf5 36. Qh3 Kf8 37. cxd5 cxd5 38. Qc3 Kg8 39. Qxc5 Rxg5 40. fxg5
Qxg5 41. Qc6 Qe7 42. Rh3 Rf8 43. Qc2 Qa7+ 44. Kh1 Ne7 45. Qh7+ Kf7 46. Rf1+ Nf5
47. Qh5+ Kg8 48. Qh7+ Kf7 49. Rh6 Qe7 50. Rf6+ Ke8 51. Rxf8+ Qxf8 52. Qg6+ Kd7
53. Rf3 Qe7 54. Qg4 Qa3 55. Kh2 Qb2 56. Rxf5 exf5 57. Qxg7+ Kc6 58. Qf6+ Kc5
59. Qf8+ Kd4 60. Qxf5 Qe2 61. e6 Kc5 62. Qf8+ Kd4 63. e7 Qh5+ 64. Kg1 Qd1+ 65.
Qf1 Qh5 66. Qf2+ 1-0

[Event "27. ekipno prvenstvo RH - I.B"]
[Site "Biograd, Hotel Adria"]
[Date "2018.09.20"]
[Round "6.45"]
[White "Ivic, Mateo"]
[Black "Bobanac, Miro"]
[Result "0-1"]
[WhiteElo "2223"]
[BlackElo "2288"]
[PlyCount "82"]
[EventDate "2018.09.15"]
[WhiteTeam "ŠK BRDA Split"]
[BlackTeam "ŠK MORNAR Split"]

1. e4 Nf6 2. e5 Nd5 3. d4 d6 4. Nf3 Bg4 5. Be2 e6 6. O-O Be7 7. c4 Nb6 8. Be3
O-O 9. Nc3 a5 10. exd6 cxd6 11. Rc1 Nc6 12. b3 d5 13. c5 Nd7 14. h3 Bh5 15. a3
Nf6 16. Ne5 Bxe2 17. Nxe2 Nd7 18. f4 f6 19. Nf3 f5 20. Rb1 Nf6 21. b4 axb4 22.
axb4 Ne4 23. Qd3 Bf6 24. b5 Na5 25. Rfc1 Nc4 26. Ne5 Bxe5 27. fxe5 g5 28. Ra1
Qd7 29. Rxa8 Rxa8 30. c6 bxc6 31. bxc6 Qxc6 32. Bxg5 Qe8 33. Bf6 Qh5 34. Ng3
Qh6 35. Rxc4 dxc4 36. Qxc4 Re8 37. Nxe4 fxe4 38. d5 Qe3+ 39. Kh2 Qf4+ 40. Kg1
Ra8 41. Qd4 Rc8 0-1

[Event "27. ekipno prvenstvo RH - I.B"]
[Site "Biograd, Hotel Adria"]
[Date "2018.09.20"]
[Round "6.46"]
[White "Brulic, Denis"]
[Black "Curic, Drazen"]
[Result "1-0"]
[WhiteElo "2232"]
[BlackElo "2133"]
[PlyCount "85"]
[EventDate "2018.09.15"]
[WhiteTeam "ŠK MORNAR Split"]
[BlackTeam "ŠK BRDA Split"]

1. Nf3 b6 2. g3 Bb7 3. Bg2 g6 4. O-O Bg7 5. c4 f5 6. d4 Nf6 7. Nc3 O-O 8. d5
Na6 9. Ng5 h6 10. Nf3 Nc5 11. Nd4 Qe8 12. Ndb5 Qc8 13. f3 e5 14. b4 Na6 15. Rb1
Ne8 16. e4 c6 17. Na3 f4 18. Qd3 Kh7 19. Nc2 c5 20. b5 Nb4 21. Qe2 Nxc2 22.
Qxc2 Qd8 23. Ne2 g5 24. Bh3 Nd6 25. Kh1 Kh8 26. Bb2 a6 27. gxf4 gxf4 28. Rg1
Qe7 29. a4 axb5 30. axb5 Rf7 31. Rg6 Rf6 32. Rg4 h5 33. Rg5 Nf7 34. Rg2 Bh6 35.
Rbg1 Rd6 36. Bf5 Bg5 37. Qc3 Re8 38. Rxg5 Nxg5 39. Nxf4 Nf7 40. Ng6+ Rxg6 41.
Bxg6 d6 42. f4 Bc8 43. Bxh5 1-0